Name that Airport (Africa) - Statistics

General Stats
  • This quiz has been taken 22 times
  • The average score is 19 of 30
Answer Stats
Clue Code City % Correct
4) Jomo Kenyatta NBO Nairobi
100%
6) Tunis Carthage TUN Tunis
100%
27) Addis Ababa Bole ADD Addis Ababa
90%
13) Leopold Sedar Senghor DKR Dakar
90%
9) Kotoka International ACC Accra
85%
3) Houari Boumediene ALG Algiers
85%
23) Harare International HRE Harare
85%
1) O.R Tambo International JNB Johannesburg
85%
5) Murtala Muhammed LOS Lagos
85%
10) Julius Nyerere DAR Dar Es Salaam
80%
28) Port Elizabeth International PLZ Port Elizabeth
80%
7) King Shaka International DUR Durban
75%
25) Mombasa Moi International MBA Mombasa
75%
14) Felix-Houphouet-Boigny ABJ Abidjan
70%
2) Mohammed V International CMN Casablanca
70%
8) Menara Airport RAK Marrakech
70%
17) Tangier Ibn Batouta TNG Tangier
65%
22) Yaounde Nsimalen International NSI Yaounde
65%
30) Maya-Maya International BZV Brazzaville
60%
19) Ndjili International Airport FIH Kinshasa
60%
18) Abeid Amani Karume ZNZ Zanzibar
60%
11) Nnamidi Azikiwe International ABV Abuja
55%
12) Quatro de Fevereiro LAD Luanda
55%
29) Sir Sereste Khama International GBE Gaborone
50%
15) Borg El Arab HBE Alexandria
30%
20) Ivato Airport TNR Antananarivo
30%
24) Cadjehoun Airport COO Cotonou
25%
21) Diori Hamani NIM Niamey
20%
26) Es Senia Airport ORN Oran
20%
16) Roland Garros RUN St Denis
20%
No matching quizzes found
Score Distribution
Percent of People with Each Score
Percentile by Number Answered
Your Score History
You have not taken this quiz